书目信息 |
| 题名: |
灰色地带
|
|
| 作者: | 蒋泥 著 | |
| 分册: | ||
| 出版信息: | 北京 中国工人出版社 2003 |
|
| 页数: | 388页 | |
| 开本: | 21cm | |
| 丛书名: | ||
| 单 册: | ||
| 中图分类: | I206.7 | |
| 科图分类: | ||
| 主题词: | 当代文学--文学评论--中国 | |
| 电子资源: | ||
| ISBN: | 7-5008-3214-1 | |
| 000 | 00995nam0 2200241 450 | |
| 001 | 192004002951 | |
| 005 | 20070917093221.82 | |
| 010 | @a7-5008-3214-1@dCNY26.80 | |
| 100 | @a20070601d2003 ekmy0chiy0121 ea | |
| 101 | 0 | @achi |
| 102 | @aCN@b110000 | |
| 105 | @ay z 000yy | |
| 200 | 1 | @a灰色地带@Ahui se di dai@e中国人性里的生存游戏探密@f蒋泥著 |
| 210 | @a北京@c中国工人出版社@d2003 | |
| 215 | @a388页@d21cm | |
| 300 | @a其他题名:中国人性里的生存游戏探密 | |
| 330 | @a这是一部谈文学、文学品格与文学精神的随笔集,具有难得的真诚,几近“痴”“迂”,才情盈溢,一似人籁;识见不凡,常常一针见血,十分好看。作者谈巴金,言金庸,说红楼,论“诺贝尔文学奖”;比较中西文学中的“情”“爱”“欲”,虽时有偏见偏爱,却更有真识真知,娓娓道来,绵中藏锐,又屡屡出击。 | |
| 517 | 1 | @a中国人性里的生存游戏探密@Azhong guo ren xing li de sheng cun you xi tan mi |
| 606 | 0 | @a当代文学@x文学评论@y中国 |
| 690 | @aI206.7@v4 | |
| 701 | 0 | @a蒋泥@Ajiang ni@4著 |
| 801 | 0 | @aCN@c20070917 |
| 905 | @dI206.7@eJ573 | |
| 灰色地带:中国人性里的生存游戏探密/蒋泥著.-北京:中国工人出版社,2003 |
| 388页;21cm |
| 其他题名:中国人性里的生存游戏探密 |
| ISBN 7-5008-3214-1:CNY26.80 |
| 这是一部谈文学、文学品格与文学精神的随笔集,具有难得的真诚,几近“痴”“迂”,才情盈溢,一似人籁;识见不凡,常常一针见血,十分好看。作者谈巴金,言金庸,说红楼,论“诺贝尔文学奖”;比较中西文学中的“情”“爱”“欲”,虽时有偏见偏爱,却更有真识真知,娓娓道来,绵中藏锐,又屡屡出击。 |
| ● |
| 相关链接 |
|
|
|
正题名:灰色地带
索取号:I206.7/J573
 
预约/预借
| 序号 | 登录号 | 条形码 | 馆藏地/架位号 | 状态 | 备注 |
| 1 | 620599 | 206205998 | 文学库108/108文学库 6排5列4层/ [索取号:I206.7/J573] | 在馆 | |
| 2 | 620600 | 206206005 | 社科二线400B/400B社科库 11排1列5层/ [索取号:I206.7/J573] | 在馆 | |
| 3 | 620601 | 206206014 | 文学库108/ [索取号:I206.7/J573] |
已借出,限还日期为2037.02.16 借出人:中级法院 |